<?xml version="1.0" encoding="UTF-8"?>
<record
    xmlns:xsi="http://www.w3.org/2001/XMLSchema-instance"
    xsi:schemaLocation="http://www.loc.gov/MARC21/slim http://www.loc.gov/standards/marcxml/schema/MARC21slim.xsd"
    xmlns="http://www.loc.gov/MARC21/slim">

  <leader>01594nam a2200361 i 4500</leader>
  <controlfield tag="001">197718</controlfield>
  <controlfield tag="003">ES-MaACL</controlfield>
  <controlfield tag="005">20250831063045.0</controlfield>
  <controlfield tag="008">250517b2025    sp ||||| |||| 00| 0 spa d</controlfield>
  <datafield tag="017" ind1=" " ind2=" ">
    <subfield code="a">MU 182-2025</subfield>
    <subfield code="b">Oficina Dep&#xF3;sito Legal Murcia</subfield>
  </datafield>
  <datafield tag="040" ind1=" " ind2=" ">
    <subfield code="b">spa</subfield>
    <subfield code="c">ES-MaACL</subfield>
  </datafield>
  <datafield tag="100" ind1="1" ind2=" ">
    <subfield code="a">Cegarra Salcedo, Mar&#xED;a</subfield>
    <subfield code="9">241223</subfield>
    <subfield code="e">aut</subfield>
  </datafield>
  <datafield tag="245" ind1=" " ind2=" ">
    <subfield code="a">Cristales m&#xED;os : </subfield>
    <subfield code="b">edici&#xF3;n homenaje 90 aniversario / </subfield>
    <subfield code="c">Mar&#xED;a Cegarra Salcedo ; introducci&#xF3;n de Ernesto Gim&#xE9;nez Caballero ; ilustraciones de Virginia Bernal.</subfield>
  </datafield>
  <datafield tag="250" ind1=" " ind2=" ">
    <subfield code="a">Primera edici&#xF3;n: La Uni&#xF3;n, abril 2025</subfield>
  </datafield>
  <datafield tag="260" ind1=" " ind2=" ">
    <subfield code="a">Cartagena : </subfield>
    <subfield code="b">La Uni&#xF3;n, </subfield>
    <subfield code="c">2025.</subfield>
  </datafield>
  <datafield tag="300" ind1=" " ind2=" ">
    <subfield code="a">132 p&#xE1;ginas ; </subfield>
    <subfield code="c">21 cm.</subfield>
  </datafield>
  <datafield tag="336" ind1=" " ind2=" ">
    <subfield code="2">rdacontent</subfield>
    <subfield code="a">texto</subfield>
  </datafield>
  <datafield tag="337" ind1=" " ind2=" ">
    <subfield code="2">rdamedia</subfield>
    <subfield code="a">sin mediaci&#xF3;n</subfield>
  </datafield>
  <datafield tag="338" ind1=" " ind2=" ">
    <subfield code="2">rdacarrier</subfield>
    <subfield code="a">volumen</subfield>
  </datafield>
  <datafield tag="500" ind1=" " ind2=" ">
    <subfield code="a">Primera edici&#xF3;n no venal de 500 ejemplares.</subfield>
  </datafield>
  <datafield tag="655" ind1=" " ind2="7">
    <subfield code="2">tgfbne</subfield>
    <subfield code="9">176539</subfield>
    <subfield code="a">Poes&#xED;as</subfield>
  </datafield>
  <datafield tag="700" ind1="1" ind2=" ">
    <subfield code="9">57038</subfield>
    <subfield code="a">Gim&#xE9;nez Caballero, Ernesto,</subfield>
    <subfield code="d">1899-1988</subfield>
    <subfield code="e">aui</subfield>
  </datafield>
  <datafield tag="700" ind1="1" ind2=" ">
    <subfield code="9">175695</subfield>
    <subfield code="a">Bernal, Virginia,</subfield>
    <subfield code="d">1970-</subfield>
    <subfield code="e">ill</subfield>
  </datafield>
  <datafield tag="700" ind1=" " ind2=" ">
    <subfield code="a">V&#xE1;zquez, Mar&#xED;a Jos&#xE9;</subfield>
    <subfield code="e">edt</subfield>
    <subfield code="9">242147</subfield>
  </datafield>
  <datafield tag="700" ind1="1" ind2=" ">
    <subfield code="9">234260</subfield>
    <subfield code="a">Iglesia, Francisco de la </subfield>
    <subfield code="e">edt</subfield>
  </datafield>
  <datafield tag="852" ind1=" " ind2=" ">
    <subfield code="a">ES-MaACL</subfield>
    <subfield code="c">DEPOJ</subfield>
    <subfield code="j">N-10591</subfield>
    <subfield code="g">Dedicatoria aut&#xF3;grafa de los editores</subfield>
    <subfield code="h">Donaci&#xF3;n: Mar&#xED;a Jos&#xE9; V&#xE1;zquez; Francisco de la Iglesia </subfield>
    <subfield code="x">Encuadernaci&#xF3;n r&#xFA;stica con solapas</subfield>
    <subfield code="9">206714</subfield>
  </datafield>
  <datafield tag="903" ind1=" " ind2=" ">
    <subfield code="a">V&#xE1;zquez, Mar&#xED;a Jos&#xE9;</subfield>
    <subfield code="e">dnr</subfield>
  </datafield>
  <datafield tag="903" ind1=" " ind2=" ">
    <subfield code="9">234260</subfield>
    <subfield code="a">Iglesia, Francisco de la</subfield>
    <subfield code="e">dnr</subfield>
  </datafield>
  <datafield tag="942" ind1=" " ind2=" ">
    <subfield code="c">MONOGRAFIA</subfield>
    <subfield code="n">0</subfield>
  </datafield>
  <datafield tag="999" ind1=" " ind2=" ">
    <subfield code="c">197718</subfield>
    <subfield code="d">197718</subfield>
  </datafield>
  <datafield tag="952" ind1=" " ind2=" ">
    <subfield code="0">0</subfield>
    <subfield code="1">0</subfield>
    <subfield code="2">udc</subfield>
    <subfield code="4">0</subfield>
    <subfield code="7">0</subfield>
    <subfield code="8">Librosdedicados</subfield>
    <subfield code="a">ATENEOM</subfield>
    <subfield code="b">ATENEOM</subfield>
    <subfield code="c">DEPOJ</subfield>
    <subfield code="d">2025-08-29</subfield>
    <subfield code="e">DONACION</subfield>
    <subfield code="l">0</subfield>
    <subfield code="o">N-10591</subfield>
    <subfield code="p">2025-1090</subfield>
    <subfield code="r">2025-08-29 00:00:00</subfield>
    <subfield code="w">2025-08-29</subfield>
    <subfield code="y">MONOGRAFIA</subfield>
  </datafield>
</record>
